000 00418nam a2200181Ia 4500
001 3191
005 20260306144902.0
008 260306t2004||||xx |||||||||||||| ||spa||
041 _aESP
082 _a262.1528
_bG85
100 _aGuarda, Gabriel
_eAUT
245 0 _aLos laicos en la cristianización de América
260 _c2004
300 _a
_c
650 _aGEN
654 _aCHU
942 _cLIB
_dJUS
_fJUS
_2ddc
_n
999 _c3191
_d3191